Statistics for United States House of Representatives Committee Chairs

Click here to take the quiz!

General Stats

  • This quiz has been taken 33 times
    (11 since last reset)
  • The average score is 12 of 24

Answer Stats

HintAnswer% Correct
AgricultureDavid Scott
83%
Financial ServicesMaxine Waters
83%
IntelligenceAdam Schiff
67%
Homeland SecurityBennie Thompson
67%
Foreign AffairsGreg Meeks
67%
JudiciaryJerry Nadler
67%
Armed ServicesAdam Smith
50%
RulesJim McGovern
50%
Climate CrisisKathy Castor
50%
Small BusinessNydia Velazquez
50%
Transportation and InfrastructurePeter DeFazio
50%
Ways and MeansRichard Neal
50%
ApproriationsRosa DeLauro
50%
EthicsTed Deutch
50%
House AdministrationZoe Lofgren
50%
Education and LaborBobby Scott
33%
Oversight and Government ReformCaroline Maloney
33%
Modernization of CongressDerek Kilmer
33%
Science, Space, and TechnologyEddie Bernice Johnson
33%
Energy and CommerceFrank Pallone
33%
Human Rights (Lantos Commission)Jim McGovern
33%
BudgetJohn Yarmouth
33%
Veterans' AffairsMark Takano
33%
Natural ResourcesRaul Grijalva
33%

Score Distribution

Percentile by Number Answered

Percent of People with Each Score

Your Score History

You have not taken this quiz since the last reset